[Event "Outaouais-ch Reserve"]
[Site "Gatineau CAN"]
[Date "2023.04.18"]
[Round "4"]
[White "Chenard, Paul"]
[Black "Paradis, Emile"]
[Result "0-1"]
[WhiteElo "918"]
[BlackElo "1454"]
[PlyCount "60"]
[EventDate "2023.03.28"]
[EventType "swiss"]
[EventRounds "7"]
[EventCountry "CAN"]

1. Nf3 d5 2. d4 Nf6 3. Nc3 Bf5 4. Bf4 e6 5. a3 Nc6 6. e3 a6 7. h3 Bd6 8. g4 Bg6
9. g5 Ne4 10. Ne5 Nxg5 11. Bg2 Qf6 12. Ng4 Qe7 13. h4 Bxf4 14. exf4 Ne4 15. Ne2
f5 16. Ne3 O-O-O 17. c3 Bh5 18. f3 Nd6 19. O-O Qxh4 20. Qe1 Qxe1 21. Raxe1 Rhg8
22. Bh3 g5 23. Ng3 gxf4 24. Ng2 Rxg3 25. Kh2 Bxf3 26. Nxf4 Rdg8 27. Rf2 Ne4 28.
Ng2 Nxf2 29. Nf4 Rxh3+ 30. Nxh3 Rg2# 0-1

[Event "Outaouais-ch Reserve"]
[Site "Gatineau CAN"]
[Date "2023.04.18"]
[Round "4"]
[White "Filion, Yves"]
[Black "Lavoie, Aren"]
[Result "1/2-1/2"]
[WhiteElo "1540"]
[BlackElo "1389"]
[PlyCount "126"]
[EventDate "2023.03.28"]
[EventType "swiss"]
[EventRounds "7"]
[EventCountry "CAN"]

1. e4 e5 2. Nf3 Nf6 3. Bc4 Bc5 4. c3 Nc6 5. d3 h6 6. O-O O-O 7. Re1 d6 8. d4
exd4 9. cxd4 Bb4 10. Bd2 Bg4 11. Bxb4 Nxb4 12. Qb3 Bxf3 13. Qxb4 Bxe4 14. Nc3
a5 15. Qb3 d5 16. Bb5 c6 17. Bf1 b5 18. f3 Bf5 19. Re3 Qb6 20. Ne2 b4 21. Ng3
Be6 22. Qd3 Rac8 23. Rc1 c5 24. dxc5 Rxc5 25. Qd4 Rfc8 26. Re2 Qc7 27. Rce1 Rc4
28. Qd3 Qc5+ 29. Kh1 a4 30. Nf5 Bxf5 31. Qxf5 d4 32. Re5 Qc6 33. Bxc4 Qxc4 34.
Ra5 d3 35. Rd1 Qc2 36. Rf1 d2 37. Qxc2 Rxc2 38. Ra8+ Kh7 39. Rd8 Rc1 40. Kg1
Rc2 41. Rd1 Rxb2 42. R8xd2 Rxd2 43. Rxd2 Kg6 44. Kf2 Kf5 45. Ke3 g5 46. Kd4 g4
47. Kc4 b3 48. Kb4 gxf3 49. gxf3 Kf4 50. axb3 axb3 51. Kxb3 Kxf3 52. Rd6 Ne4
53. Rxh6 f5 54. Rg6 f4 55. h4 Ng3 56. Kc3 Kf2 57. Kd3 f3 58. Rf6 Kg2 59. Ke3
Nf1+ 60. Kd3 f2 61. Rg6+ Ng3 62. Rf6 f1=Q+ 63. Rxf1 Kxf1 1/2-1/2

[Event "Outaouais-ch Reserve"]
[Site "Gatineau CAN"]
[Date "2023.04.18"]
[Round "4"]
[White "Gagne, Learry"]
[Black "Marenger, Vincent"]
[Result "0-1"]
[WhiteElo "1182"]
[BlackElo "1497"]
[PlyCount "44"]
[EventDate "2023.03.28"]
[EventType "swiss"]
[EventRounds "7"]
[EventCountry "CAN"]

1. e4 d5 2. exd5 Nf6 3. c4 c6 4. dxc6 Nxc6 5. Nf3 e5 6. d3 Bc5 7. h3 O-O 8. Bg5
e4 9. Bxf6 Qxf6 10. dxe4 Qxb2 11. Nbd2 Nd4 12. Bd3 Nxf3+ 13. gxf3 Qd4 14. Qe2
Qxa1+ 15. Bb1 Bb4 16. O-O Bxd2 17. Qxd2 Bxh3 18. Re1 Qf6 19. Kh2 Qxf3 20. Rg1
Qh5 21. Kg3 Be6 22. Kf4 Qh6+ 0-1

[Event "Outaouais-ch Reserve"]
[Site "Gatineau CAN"]
[Date "2023.04.18"]
[Round "4"]
[White "Jacques, Olivier"]
[Black "Deschenes, Ryan"]
[Result "1-0"]
[WhiteElo "1286"]
[BlackElo "888"]
[PlyCount "35"]
[EventDate "2023.03.28"]
[EventType "swiss"]
[EventRounds "7"]
[EventCountry "CAN"]

1. e4 g6 2. d4 Bg7 3. c3 e6 4. Bd3 d5 5. e5 Nc6 6. Nf3 Nge7 7. O-O b6 8. Nbd2
O-O 9. Nb3 b5 10. Bxb5 Qd7 11. Nc5 Qe8 12. Bd2 a6 13. Ba4 Rb8 14. Qc1 Na5 15.
Bxe8 Rxe8 16. Bh6 Nf5 17. Bxg7 Nxg7 18. b3 1-0

[Event "Outaouais-ch Reserve"]
[Site "Gatineau CAN"]
[Date "2023.04.18"]
[Round "4"]
[White "Lecorre, Joel"]
[Black "Laflamme, Mathieu"]
[Result "0-1"]
[WhiteElo "1589"]
[BlackElo "1340"]
[PlyCount "132"]
[EventDate "2023.03.28"]
[EventType "swiss"]
[EventRounds "7"]
[EventCountry "CAN"]

1. e4 c6 2. d4 d5 3. Nc3 dxe4 4. Nxe4 Bf5 5. Ng3 Bg6 6. Nf3 Nf6 7. Bc4 e6 8.
Ne5 c5 9. Be3 cxd4 10. Bxd4 a6 11. h3 Bxc2 12. Qxc2 Qxd4 13. Nf3 Bb4+ 14. Kf1
Qc5 15. a3 Qa5 16. Bxe6 fxe6 17. Qc8+ Qd8 18. Qxd8+ Kxd8 19. axb4 Ke7 20. b5
Nbd7 21. bxa6 Rxa6 22. Ke2 Rha8 23. Rac1 Rc6 24. Kd2 Ra2 25. Rxc6 bxc6 26. Kc2
Nd5 27. Ne4 Ra4 28. Nfd2 N7f6 29. Nc5 Ra5 30. Nd3 Kd6 31. g3 Rb5 32. Nc4+ Ke7
33. Nde5 Nb4+ 34. Kd2 Ne4+ 35. Ke3 Nd6 36. Rc1 Nxc4+ 37. Nxc4 Nd5+ 38. Kd4 Nb6
39. Ne5 Rb4+ 40. Kc3 Nd5+ 41. Kc2 Kd6 42. f4 g5 43. Nf7+ Ke7 44. Nxg5 h6 45.
Nf3 Ne3+ 46. Kb1 Kd6 47. Ne5 c5 48. Rc3 Nd5 49. Rc4 Rb3 50. Nf7+ Kc6 51. Ne5+
Kd6 52. g4 Rxh3 53. f5 Kxe5 54. fxe6 Kxe6 55. Rxc5 Rh4 56. Rc4 Ke5 57. Ka2 Ne3
58. Rc5+ Kf4 59. Rh5 Rxh5 60. gxh5 Ke5 61. b4 Nd5 62. Kb3 Nf6 63. Kc4 Nxh5 64.
Kc5 Nf6 65. b5 Nd7+ 66. Kc4 Ke4 0-1

[Event "Outaouais-ch Reserve"]
[Site "Gatineau CAN"]
[Date "2023.04.18"]
[Round "4"]
[White "Palsson, Halldor"]
[Black "Scantland, Patrick"]
[Result "1-0"]
[WhiteElo "1888"]
[BlackElo "1672"]
[PlyCount "87"]
[EventDate "2023.03.28"]
[EventType "swiss"]
[EventRounds "7"]
[EventCountry "CAN"]

1. d4 Nf6 2. c4 g6 3. Nc3 d5 4. cxd5 Nxd5 5. e4 Nxc3 6. bxc3 Bg7 7. Nf3 c5 8.
Rb1 O-O 9. Be2 Nc6 10. d5 Ne5 11. Nxe5 Bxe5 12. Qd2 Qa5 13. Rb3 a6 14. f4 Bg7
15. O-O b5 16. c4 Qxd2 17. Bxd2 b4 18. Be3 Re8 19. Bxc5 a5 20. a3 Bd7 21. axb4
axb4 22. Rxb4 Ra2 23. Bf3 e6 24. e5 exd5 25. cxd5 Rc8 26. Bd6 h5 27. Rb8 h4 28.
Rxc8+ Bxc8 29. Re1 Bh6 30. e6 fxe6 31. dxe6 Rd2 32. e7 Bd7 33. Bb4 Rd4 34.
e8=Q+ Bxe8 35. Rxe8+ Kf7 36. Re7+ Kg8 37. Re4 Rxe4 38. Bxe4 Bxf4 39. Bxg6 Kg7
40. Be4 Kf6 41. h3 Ke5 42. Bb7 Kf5 43. Kf2 Ke5 44. Kf3 1-0

[Event "Outaouais-ch Reserve"]
[Site "Gatineau CAN"]
[Date "2023.04.18"]
[Round "4"]
[White "Pestieau, Gabriel"]
[Black "Bolduc, Christian"]
[Result "1-0"]
[WhiteElo "1582"]
[BlackElo "1225"]
[PlyCount "67"]
[EventDate "2023.03.28"]
[EventType "swiss"]
[EventRounds "7"]
[EventCountry "CAN"]

1. d4 d5 2. c4 c6 3. Nc3 Nf6 4. Nf3 e6 5. g3 Bb4 6. Bg2 O-O 7. O-O b6 8. Bg5
Ba6 9. Ne5 Be7 10. Rc1 dxc4 11. Nxc6 Nxc6 12. Bxc6 Rc8 13. Bg2 h6 14. Bxf6 Bxf6
15. Qa4 Bxd4 16. Qxa6 Qf6 17. e3 Bxc3 18. Rxc3 e5 19. Rd1 Rfe8 20. Qxa7 e4 21.
Qa6 Rcd8 22. Rxd8 Qxd8 23. Qxc4 Qd1+ 24. Qf1 Qd5 25. a3 Qa2 26. Qc1 Qe6 27. Rc6
Qg4 28. Rc7 Kh7 29. Rxf7 Rd8 30. Qc7 Rd1+ 31. Bf1 Qe2 32. Rxg7+ Kh8 33. Rh7+
Kg8 34. Qg7# 1-0

[Event "Outaouais-ch Reserve"]
[Site "Gatineau CAN"]
[Date "2023.04.18"]
[Round "4"]
[White "Poitras, Sylvain"]
[Black "Cotillard, Tristan"]
[Result "0-1"]
[WhiteElo "1370"]
[BlackElo "1632"]
[PlyCount "51"]
[EventDate "2023.03.28"]
[EventType "swiss"]
[EventRounds "7"]
[EventCountry "CAN"]

1. d4 d5 2. Bf4 Bf5 3. c4 e6 4. Nc3 Nf6 5. e3 c5 6. Nf3 Nc6 7. cxd5 exd5 8. Bb5
Bd6 9. Bg3 O-O 10. O-O Rc8 11. Ne5 cxd4 12. exd4 Bb8 13. Qf3 Nxd4 14. Qf4 Nxb5
15. Nxb5 Bg6 16. Qd2 a6 17. Nc3 Re8 18. Nxg6 hxg6 19. Rad1 Bxg3 20. fxg3 Re5
21. Qd4 Qd6 22. Rfe1 Rce8 23. Rxe5 Rxe5 24. Qd2 Kf8 25. Qf4 Qb6+ 26. Kf1 0-1

[Event "Outaouais-ch Reserve"]
[Site "Gatineau CAN"]
[Date "2023.04.18"]
[Round "4"]
[White "Roy, Dominique"]
[Black "Masse-Garneau, Anthony"]
[Result "0-1"]
[WhiteElo "1213"]
[BlackElo "1536"]
[PlyCount "79"]
[EventDate "2023.03.28"]
[EventType "swiss"]
[EventRounds "7"]
[EventCountry "CAN"]

1. e4 c5 2. Nc3 e6 3. Nf3 a6 4. a3 Nc6 5. d4 cxd4 6. Nxd4 Nf6 7. Nxc6 bxc6 8.
Bg5 Qa5 9. Bxf6 gxf6 10. Bd3 Rb8 11. b4 Qe5 12. Ne2 c5 13. bxc5 Bxc5 14. O-O
Bb7 15. Rb1 Bxa3 16. Rb3 Bd6 17. g3 O-O 18. Nf4 Be7 19. Re1 a5 20. h4 Kh8 21.
Rb5 Bc5 22. Rxa5 Bxf2+ 23. Kxf2 Qxa5 24. Qh5 Qxh5 25. Nxh5 Bc6 26. Nxf6 Bb5 27.
h5 Bxd3 28. cxd3 Rb2+ 29. Ke3 d5 30. e5 Rc8 31. h6 Rh2 32. Ng4 Rg2 33. Kf3 Rd2
34. Ke3 Rdc2 35. Nf6 Rc1 36. Re2 R8c2 37. Rxc2 Rxc2 38. Kd4 Rh2 39. Ng4 Rg2 40.
Ne3 0-1

[Event "Outaouais-ch Reserve"]
[Site "Gatineau CAN"]
[Date "2023.04.18"]
[Round "4"]
[White "Seguin, Hubert"]
[Black "Elsayed, Ahmed"]
[Result "0-1"]
[WhiteElo "1526"]
[BlackElo "2029"]
[PlyCount "94"]
[EventDate "2023.03.28"]
[EventType "swiss"]
[EventRounds "7"]
[EventCountry "CAN"]

1. e4 e5 2. Nf3 Nf6 3. Nc3 Bb4 4. Nd5 Nxd5 5. exd5 O-O 6. c3 Ba5 7. Bc4 d6 8.
h3 c6 9. O-O Nd7 10. d4 Nb6 11. Bb3 e4 12. Bg5 f6 13. Bf4 exf3 14. Qxf3 Nxd5
15. Bxd5+ cxd5 16. Qxd5+ Kh8 17. Rfe1 Bc7 18. Re2 Re8 19. Rae1 Rxe2 20. Rxe2
Rb8 21. Qf7 Bf5 22. Re7 Qg8 23. Qxg8+ Kxg8 24. Rxc7 a6 25. Bg3 d5 26. Bd6 Rd8
27. Bc5 Bc8 28. Kf1 b5 29. Re7 h5 30. Ke2 Kh7 31. Kf3 Kh6 32. Ke3 g5 33. Kd2
Kg6 34. b3 Rd7 35. Re8 Bb7 36. Ba7 a5 37. Bb6 a4 38. bxa4 bxa4 39. f3 h4 40.
Ke2 Kf5 41. Ke3 Bc6 42. a3 Rb7 43. Bc5 Rb2 44. Rc8 Bb5 45. f4 gxf4+ 46. Kf3
Be2+ 47. Kf2 Ba6+ 0-1

[Event "Outaouais-ch Reserve"]
[Site "Gatineau CAN"]
[Date "2023.04.18"]
[Round "4"]
[White "Villeneuve, Denis"]
[Black "Arvisais, Eric"]
[Result "0-1"]
[WhiteElo "1396"]
[BlackElo "1204"]
[PlyCount "90"]
[EventDate "2023.03.28"]
[EventType "swiss"]
[EventRounds "7"]
[EventCountry "CAN"]

1. e4 c5 2. Nf3 e6 3. c3 Nc6 4. d4 cxd4 5. cxd4 Bb4+ 6. Nc3 d5 7. e5 Nge7 8. a3
Ba5 9. Bd3 h6 10. O-O O-O 11. h4 Bb6 12. Bb1 Nf5 13. Bxf5 exf5 14. b4 f6 15.
Re1 fxe5 16. dxe5 Be6 17. Nb5 Bc7 18. Nbd4 Nxd4 19. Nxd4 Qd7 20. Qd3 Rae8 21.
Bf4 Bb6 22. Nb5 Rd8 23. Rac1 a5 24. Nd4 Bxd4 25. Qxd4 axb4 26. axb4 Qa4 27. Rc5
b6 28. Rc6 Qxc6 29. Rc1 Qb5 30. Rc3 Rc8 31. Rg3 Rc4 32. Qd2 Qxb4 33. Qxb4 Rxb4
34. Bxh6 Rf7 35. Rg6 Re7 36. Bxg7 Rxg7 37. Rxe6 d4 38. Rd6 Re7 39. Rd5 Kf7 40.
f4 Kg6 41. Kf2 Kh5 42. g3 Kg4 43. Rd6 Rb2+ 44. Kf1 Kxg3 45. Rg6+ Kxf4 0-1

[Event "Outaouais-ch Reserve"]
[Site "Gatineau CAN"]
[Date "2023.04.25"]
[Round "5"]
[White "Arvisais, Eric"]
[Black "Seguin, Hubert"]
[Result "1-0"]
[WhiteElo "1204"]
[BlackElo "1526"]
[PlyCount "61"]
[EventDate "2023.03.28"]
[EventType "swiss"]
[EventRounds "7"]
[EventCountry "CAN"]

1. d4 d5 2. c4 c6 3. Nc3 Nf6 4. Nf3 e6 5. Bg5 Be7 6. e3 O-O 7. Bd3 h6 8. Bf4
Nh5 9. Be5 f6 10. Bxb8 Rxb8 11. Nh4 f5 12. Ng6 Nf6 13. Nxf8 Qxf8 14. O-O Bd6
15. c5 Bc7 16. Re1 Qd8 17. h3 Qe7 18. Ne2 e5 19. Ng3 e4 20. Be2 f4 21. exf4
Bxf4 22. Nh5 e3 23. Nxf4 exf2+ 24. Kxf2 Ne4+ 25. Kg1 Qh4 26. Rf1 Qg5 27. Bd3
Bf5 28. Bxe4 Bxe4 29. Qg4 Qf6 30. Rad1 Qf7 31. Qe6 1-0

[Event "Outaouais-ch Reserve"]
[Site "Gatineau CAN"]
[Date "2023.04.25"]
[Round "5"]
[White "Bolduc, Christian"]
[Black "Chenard, Paul"]
[Result "1-0"]
[WhiteElo "1225"]
[BlackElo "918"]
[PlyCount "115"]
[EventDate "2023.03.28"]
[EventType "swiss"]
[EventRounds "7"]
[EventCountry "CAN"]

1. e4 e5 2. Nc3 Nf6 3. Nf3 Nc6 4. Bc4 Bc5 5. Ng5 d5 6. exd5 h6 7. Nge4 Nd4 8.
Nxc5 a6 9. O-O O-O 10. Re1 Re8 11. Nd3 e4 12. Nf4 Bg4 13. f3 exf3 14. Rf1 f2+
15. Rxf2 Bxd1 16. Nxd1 Re1+ 17. Rf1 Qe7 18. Ne6 Ne2+ 19. Bxe2 Rxe2 20. Nf4 Qc5+
21. Nf2 Re4 22. d3 Rxf4 23. Bxf4 Ng4 24. c3 Qxd5 25. Nxg4 Qc5+ 26. d4 Qc4 27.
Bg3 Re8 28. Ne5 Qe2 29. Rf2 Qe3 30. Raf1 f6 31. Nf3 Kf7 32. Re1 Qd3 33. Ne5+
Rxe5 34. dxe5 Kg6 35. e6 Qb5 36. e7 Kf7 37. e8=Q+ Qxe8 38. Rxe8 Kxe8 39. Bxc7
Kd7 40. Bg3 b5 41. Rd2+ Kc6 42. b4 Kb6 43. Rd6+ Kc7 44. Rxa6+ Kb7 45. Ra5 Kb6
46. a4 bxa4 47. Rxa4 Kb5 48. Ra7 Kc4 49. Be1 g5 50. Rb7 f5 51. b5 Kc5 52. Bf2+
Kc4 53. b6 Kxc3 54. Rc7+ Kd3 55. b7 Ke2 56. b8=Q f4 57. Qb3 g4 58. Rc2+ 1-0

[Event "Outaouais-ch Reserve"]
[Site "Gatineau CAN"]
[Date "2023.04.25"]
[Round "5"]
[White "Cotillard, Tristan"]
[Black "Filion, Samuel"]
[Result "0-1"]
[WhiteElo "1632"]
[BlackElo "1492"]
[PlyCount "82"]
[EventDate "2023.03.28"]
[EventType "swiss"]
[EventRounds "7"]
[EventCountry "CAN"]

1. e4 d5 2. exd5 Qxd5 3. Nc3 Qa5 4. d4 Nf6 5. Bd2 c6 6. Nf3 Bf5 7. Be2 e6 8.
O-O Qc7 9. Re1 Bd6 10. h3 O-O 11. Bf1 h6 12. Be3 Nbd7 13. a3 Rfe8 14. Qd2 Rad8
15. Rad1 e5 16. dxe5 Nxe5 17. Nxe5 Bxe5 18. Qe2 b6 19. Rxd8 Rxd8 20. Rd1 Rxd1
21. Nxd1 c5 22. c3 Qd6 23. g3 Ne4 24. Kh2 Bxg3+ 25. fxg3 Nxg3 26. Qf3 Nxf1+ 27.
Kg1 Nxe3 28. Nxe3 Bc8 29. Nf5 Bxf5 30. Qxf5 Qg6+ 31. Qg4 Qxg4+ 32. hxg4 Kf8 33.
Kg2 Ke7 34. Kg3 Ke6 35. Kf4 Kd5 36. b3 g6 37. a4 a5 38. Ke3 h5 39. gxh5 gxh5
40. Kf4 h4 41. Kg4 Ke4 0-1

[Event "Outaouais-ch Reserve"]
[Site "Gatineau CAN"]
[Date "2023.04.25"]
[Round "5"]
[White "De Carufel-Lebeau, Lucas"]
[Black "Piche, Danielle"]
[Result "1-0"]
[WhiteElo "1232"]
[BlackElo "961"]
[PlyCount "49"]
[EventDate "2023.03.28"]
[EventType "swiss"]
[EventRounds "7"]
[EventCountry "CAN"]

1. e4 d5 2. exd5 Qxd5 3. Nc3 Qa5 4. Qe2 Nf6 5. Nb5 Bf5 6. Qe5 Nc6 7. Nxc7+ Kd7
8. Qxa5 Nxa5 9. Nxa8 Bxc2 10. d3 e5 11. Bd2 Nc6 12. b3 Nd4 13. Nf3 Bc5 14.
Nxe5+ Ke7 15. Nc7 Bd6 16. Bc3 Bxe5 17. Bxd4 Bxd4 18. Rc1 Bc3+ 19. Ke2 Bxd3+ 20.
Kxd3 Rd8+ 21. Kxc3 Rc8 22. Kb2 Kd8 23. Nb5 Ra8 24. Rd1+ Ke8 25. Nc7+ 1-0

[Event "Outaouais-ch Reserve"]
[Site "Gatineau CAN"]
[Date "2023.04.25"]
[Round "5"]
[White "Elsayed, Ahmed"]
[Black "Bastien, Andre"]
[Result "1-0"]
[WhiteElo "2029"]
[BlackElo "1757"]
[PlyCount "95"]
[EventDate "2023.03.28"]
[EventType "swiss"]
[EventRounds "7"]
[EventCountry "CAN"]

1. Nf3 Nf6 2. g3 g6 3. Bg2 d5 4. d4 Bg7 5. O-O O-O 6. Nbd2 c5 7. dxc5 Na6 8.
Nb3 Ne4 9. Ng5 Nxg5 10. Bxg5 h6 11. Bc1 Qc7 12. c3 Be6 13. Be3 Rad8 14. Bd4 f6
15. Qd3 Bf7 16. Qb5 e5 17. Be3 Be8 18. Qa5 Qc8 19. Rad1 Bc6 20. Nc1 Qc7 21.
Qxc7 Nxc7 22. f4 e4 23. Nb3 f5 24. Nd4 Bxd4 25. Bxd4 Ne6 26. e3 a5 27. Rf2 Bb5
28. Bf1 Bxf1 29. Kxf1 a4 30. b4 axb3 31. axb3 Ra8 32. Rc2 Ra3 33. b4 Rfa8 34.
Be5 Ra1 35. Rcd2 R8a2 36. Rxa2 Rxa2 37. Rxd5 Ra1+ 38. Ke2 Rh1 39. Rd7 Rxh2+ 40.
Kf1 Rh1+ 41. Kg2 Re1 42. Kf2 Rc1 43. Rxb7 Rc2+ 44. Kf1 Rc1+ 45. Ke2 Rc2+ 46.
Kd1 Rg2 47. c6 Rxg3 48. Rd7 1-0

[Event "Outaouais-ch Reserve"]
[Site "Gatineau CAN"]
[Date "2023.04.25"]
[Round "5"]
[White "Jacques, Olivier"]
[Black "Lecorre, Joel"]
[Result "0-1"]
[WhiteElo "1286"]
[BlackElo "1589"]
[PlyCount "104"]
[EventDate "2023.03.28"]
[EventType "swiss"]
[EventRounds "7"]
[EventCountry "CAN"]

1. e4 e6 2. d4 d5 3. Nd2 Nf6 4. e5 Nfd7 5. Bd3 c5 6. c3 Nc6 7. Ne2 cxd4 8. cxd4
Be7 9. O-O b6 10. a3 a5 11. Nf3 Ba6 12. Bb1 Rc8 13. Be3 Nf8 14. Re1 Bxe2 15.
Qxe2 Ng6 16. Bd3 O-O 17. Rac1 Nh4 18. Rc2 Nxf3+ 19. Qxf3 Qd7 20. Qh3 g6 21. Bb5
Qb7 22. Rec1 Na7 23. Bd3 Rxc2 24. Rxc2 Rc8 25. Rxc8+ Qxc8 26. g4 b5 27. Qf1 b4
28. a4 Qc6 29. Qd1 Nc8 30. Bb5 Qc7 31. f4 Nb6 32. b3 Qc3 33. Bf2 f5 34. gxf5
exf5 35. h4 Kf7 36. Be1 Qe3+ 37. Bf2 Qxf4 38. Qc2 Qg4+ 39. Kf1 Qh3+ 40. Kg1 Qc3
41. Bd3 Ke6 42. Be1 Qxd4+ 43. Bf2 Qg4+ 44. Kh2 Bxh4 45. Qc6+ Kxe5 46. Qc7+ Ke6
47. Qxb6+ Kf7 48. Qe3 Bg5 49. Qa7+ Kg8 50. Qb8+ Kg7 51. Qe5+ Kh6 52. Be2 Bf4+
0-1

[Event "Outaouais-ch Reserve"]
[Site "Gatineau CAN"]
[Date "2023.04.25"]
[Round "5"]
[White "Labelle, Raymond"]
[Black "Medeiros, Joshua"]
[Result "0-1"]
[WhiteElo "1533"]
[BlackElo "1399"]
[PlyCount "84"]
[EventDate "2023.03.28"]
[EventType "swiss"]
[EventRounds "7"]
[EventCountry "CAN"]

1. e4 e5 2. Nf3 d5 3. d3 dxe4 4. dxe4 Qxd1+ 5. Kxd1 Bd6 6. Nc3 a6 7. a4 Ne7 8.
h3 Nbc6 9. Be3 f6 10. Bc4 Bd7 11. Ke2 O-O-O 12. Rhd1 h5 13. h4 Bg4 14. Ke1 Bb4
15. Rxd8+ Rxd8 16. Rd1 Rxd1+ 17. Kxd1 Bxc3 18. bxc3 f5 19. exf5 e4 20. Be6+ Kb8
21. f6 exf3 22. Bxg4 fxg2 23. f3 Nd5 24. Bg1 gxf6 25. Bxh5 Nf4 26. Bg4 Ne7 27.
h5 f5 28. h6 fxg4 29. fxg4 Nh3 30. Bd4 g1=Q+ 31. Bxg1 Nxg1 32. Kd2 Nf3+ 33. Ke3
Ne5 34. g5 N5g6 35. Kf3 Ka7 36. Kg4 b5 37. a5 Kb7 38. Kh5 Kc6 39. h7 Nh8 40.
Kg4 Kd5 41. Kf4 Neg6+ 42. Ke3 Nf7 0-1

[Event "Outaouais-ch Reserve"]
[Site "Gatineau CAN"]
[Date "2023.04.25"]
[Round "5"]
[White "Laflamme, Mathieu"]
[Black "Filion, Yves"]
[Result "0-1"]
[WhiteElo "1340"]
[BlackElo "1540"]
[PlyCount "55"]
[EventDate "2023.03.28"]
[EventType "swiss"]
[EventRounds "7"]
[EventCountry "CAN"]

1. d4 Nf6 2. c4 e6 3. Nc3 Bb4 4. Nf3 O-O 5. Bg5 Bxc3+ 6. bxc3 d6 7. e3 Nc6 8.
Be2 e5 9. dxe5 dxe5 10. Qxd8 Rxd8 11. Bxf6 gxf6 12. O-O Bg4 13. h3 Be6 14. Rab1
Na5 15. Rb2 b6 16. Nd2 Rd6 17. Ne4 Rc6 18. Nxf6+ Kh8 19. Ne4 Bxc4 20. Bxc4 Nxc4
21. Rb5 Rd8 22. Re1 Kg7 23. g4 a6 24. Rbb1 Nd2 25. Nxd2 Rxd2 26. Red1 Rxd1+ 27.
Rxd1 Rxc3 28. g5 0-1

[Event "Outaouais-ch Reserve"]
[Site "Gatineau CAN"]
[Date "2023.04.25"]
[Round "5"]
[White "Marghetis, Aris"]
[Black "Nasr, Marwan"]
[Result "0-1"]
[WhiteElo "1812"]
[BlackElo "1443"]
[PlyCount "74"]
[EventDate "2023.03.28"]
[EventType "swiss"]
[EventRounds "7"]
[EventCountry "CAN"]

1. e4 c6 2. d3 d5 3. Nd2 e5 4. g3 Be6 5. Bg2 Bd6 6. Ngf3 h6 7. Qe2 d4 8. Nh4
Qf6 9. Nc4 Bc7 10. O-O Qd8 11. Nf5 Kf8 12. f4 g6 13. Nh4 exf4 14. Bxf4 Bxf4 15.
Rxf4 g5 16. Ng6+ Kg7 17. Rxf7+ Bxf7 18. Nxh8 Kxh8 19. Ne5 Be8 20. Qf2 Qe7 21.
Qxd4 Qg7 22. Bh3 Nd7 23. Bxd7 Rd8 24. Rf1 Rxd7 25. Qc3 Re7 26. d4 Nf6 27. Qf3
Nd7 28. Nxd7 Bxd7 29. c3 Kg8 30. e5 Rf7 31. Qe2 Rxf1+ 32. Kxf1 Qf7+ 33. Kg1
Qxa2 34. Qc2 Qf7 35. b3 Bf5 36. Qd1 Be6 37. c4 b5 0-1

[Event "Outaouais-ch Reserve"]
[Site "Gatineau CAN"]
[Date "2023.04.25"]
[Round "5"]
[White "Moraga, Hernan"]
[Black "Brault, Jean-Francois"]
[Result "0-1"]
[WhiteElo "1388"]
[BlackElo "1558"]
[PlyCount "72"]
[EventDate "2023.03.28"]
[EventType "swiss"]
[EventRounds "7"]
[EventCountry "CAN"]

1. d4 Nf6 2. c4 e6 3. Nc3 Bb4 4. Bd2 b6 5. Nf3 Bb7 6. g3 O-O 7. Bg2 d6 8. O-O
Nbd7 9. Qc2 Rc8 10. a3 Bxc3 11. Qxc3 Ne4 12. Qc2 Nxd2 13. Nxd2 Bxg2 14. Kxg2
Nf6 15. Rad1 Qe7 16. Rfe1 c5 17. e3 Rc7 18. Nf3 cxd4 19. exd4 Rfc8 20. b3 d5
21. Ne5 b5 22. c5 Nd7 23. h4 Nxe5 24. Rxe5 f6 25. Re2 Re8 26. Rde1 Qd7 27. Qc1
Qc6 28. b4 Rce7 29. Qf4 Kf7 30. g4 Qc7 31. Kg3 a5 32. bxa5 Qxa5 33. Qd6 Qc3+
34. f3 Qxd4 35. c6 Qa4 36. Rc2 Qxc2 0-1

[Event "Outaouais-ch Reserve"]
[Site "Gatineau CAN"]
[Date "2023.04.25"]
[Round "5"]
[White "Palsson, Halldor"]
[Black "Chacon, Jose"]
[Result "1-0"]
[WhiteElo "1888"]
[BlackElo "1585"]
[PlyCount "63"]
[EventDate "2023.03.28"]
[EventType "swiss"]
[EventRounds "7"]
[EventCountry "CAN"]

1. d4 Nf6 2. c4 e5 3. dxe5 Ng4 4. e4 Nxe5 5. f4 Nec6 6. Be3 Bb4+ 7. Nc3 Bxc3+
8. bxc3 O-O 9. Nf3 Re8 10. Bd3 b6 11. O-O d6 12. Qc2 h6 13. Rae1 Ba6 14. Nd4
Na5 15. Nf5 c5 16. Rf3 Nxc4 17. Rg3 g6 18. Nxh6+ Kg7 19. Nxf7 Kxf7 20. e5 Rg8
21. Bxg6+ Ke7 22. Qf5 Qf8 23. exd6+ Kd8 24. Qg5+ Kd7 25. Bf5+ Kxd6 26. Qxg8
Qxf5 27. Rg5 Qd3 28. Bxc5+ bxc5 29. Qe6+ Kc7 30. Rxc5+ Kb7 31. Qc8+ Kb6 32.
Qc7# 1-0

[Event "Outaouais-ch Reserve"]
[Site "Gatineau CAN"]
[Date "2023.04.25"]
[Round "5"]
[White "Paradis, Emile"]
[Black "Pestieau, Gabriel"]
[Result "0-1"]
[WhiteElo "1454"]
[BlackElo "1582"]
[PlyCount "48"]
[EventDate "2023.03.28"]
[EventType "swiss"]
[EventRounds "7"]
[EventCountry "CAN"]

1. e4 c6 2. c4 d5 3. cxd5 cxd5 4. exd5 Nf6 5. Bc4 Nxd5 6. Bxd5 Qxd5 7. Nf3 Qe4+
8. Qe2 Qxe2+ 9. Kxe2 Bg4 10. d4 Nc6 11. Rd1 e5 12. Ke3 exd4+ 13. Rxd4 Bxf3 14.
Rf4 Bxg2 15. Nc3 Bc5+ 16. Ke2 O-O-O 17. Rxf7 Rhe8+ 18. Be3 Nd4+ 19. Kd3 Nf5+
20. Ke2 Nxe3 21. fxe3 Rxe3+ 22. Kf2 Rd2+ 23. Ne2 Rdxe2+ 24. Kg1 Rf3# 0-1

[Event "Outaouais-ch Reserve"]
[Site "Gatineau CAN"]
[Date "2023.04.25"]
[Round "5"]
[White "Scantland, Patrick"]
[Black "Marenger, Vincent"]
[Result "1-0"]
[WhiteElo "1672"]
[BlackElo "1497"]
[PlyCount "77"]
[EventDate "2023.03.28"]
[EventType "swiss"]
[EventRounds "7"]
[EventCountry "CAN"]

1. d4 d5 2. c4 e5 3. cxd5 Qxd5 4. e3 Nc6 5. Nc3 Qd7 6. Bb5 Bb4 7. d5 Nge7 8. e4
a6 9. Qa4 Bxc3+ 10. bxc3 Nxd5 11. exd5 Qxd5 12. Bxc6+ bxc6 13. Nf3 O-O 14. O-O
Bh3 15. Rd1 Qe6 16. Ng5 Qg4 17. Qxg4 Bxg4 18. f3 Bf5 19. Be3 h6 20. Ne4 g5 21.
g4 Be6 22. Rd2 f5 23. Nc5 Bd5 24. Rf1 f4 25. Bf2 Bxf3 26. Ne6 Rf7 27. h3 Re7
28. Rd8+ Rxd8 29. Nxd8 Rd7 30. Ne6 Kf7 31. Nc5 Rd5 32. Nxa6 Be2 33. Nxc7 Rd7
34. Re1 Bc4 35. Bb6 Kf6 36. a4 Rd2 37. a5 f3 38. a6 f2+ 39. Bxf2 1-0

[Event "Outaouais-ch Reserve"]
[Site "Gatineau CAN"]
[Date "2023.05.02"]
[Round "6"]
[White "Arcand, Pierre"]
[Black "Paradis, Emile"]
[Result "0-1"]
[WhiteElo "1170"]
[BlackElo "1454"]
[PlyCount "72"]
[EventDate "2023.03.28"]
[EventType "swiss"]
[EventRounds "7"]
[EventCountry "CAN"]

1. e4 e5 2. Nf3 Nc6 3. Bb5 a6 4. Ba4 Nf6 5. Nc3 Bc5 6. h3 O-O 7. d3 h6 8. O-O
b5 9. Bb3 d6 10. Bd2 Na5 11. Re1 c6 12. Ne2 Qb6 13. Rf1 Nxb3 14. axb3 Re8 15.
b4 Bd4 16. Nexd4 exd4 17. c3 dxc3 18. bxc3 Qd8 19. Ra5 c5 20. Qc2 Nd7 21. Re1
Bb7 22. d4 c4 23. d5 Nc5 24. Bf4 Nd3 25. Be3 Nxe1 26. Nxe1 Qh4 27. Nf3 Qxe4 28.
Qxe4 Rxe4 29. Nd2 Re5 30. Bd4 Re1+ 31. Kh2 Bxd5 32. Be3 g5 33. g4 Bb7 34. Kg3
Re8 35. h4 Rg1+ 36. Kh2 Rh1+ 0-1

[Event "Outaouais-ch Reserve"]
[Site "Gatineau CAN"]
[Date "2023.05.02"]
[Round "6"]
[White "Blais, Robert"]
[Black "Laflamme, Mathieu"]
[Result "0-1"]
[WhiteElo "1507"]
[BlackElo "1340"]
[PlyCount "74"]
[EventDate "2023.03.28"]
[EventType "swiss"]
[EventRounds "7"]
[EventCountry "CAN"]
[TimeControl "90+30"]

1. e4 c6 2. c4 d5 3. cxd5 cxd5 4. e5 Nc6 5. d4 Bf5 6. Bb5 e6 7. Nf3 Bxb1 8.
Rxb1 Qa5+ 9. Bd2 Qxb5 10. a3 Nge7 11. g4 Rc8 12. h4 h5 13. g5 Nf5 14. Be3 Nxe3
15. fxe3 g6 16. Nd2 Qd3 17. Qf3 Qf5 18. Qe2 Be7 19. Rf1 Qh3 20. Qf2 O-O 21. Ke2
Qf5 22. Qh2 Qc2 23. Rfc1 Qa4 24. Kf3 Na5 25. b3 Qxa3 26. Ra1 Qb4 27. Ra4 Qb6
28. Rca1 Bb4 29. R1a2 a6 30. Nb1 Rc1 31. Na3 Rfc8 32. Nc2 Bc3 33. b4 Nc4 34.
Qf2 Nd2+ 35. Kg2 Ne4 36. Qe2 Bd2 37. Na3 Nc3 0-1